| 000 | 00905nam a2200277 a 4500 | ||
|---|---|---|---|
| 001 | 3503 | ||
| 003 | DO-SdBNP | ||
| 005 | 20180214123227.0 | ||
| 007 | 3503 | ||
| 008 | 950724s1984 sp a 000 1 spa | ||
| 010 | _a | ||
| 020 | _a843102335X | ||
| 040 |
_aBPMUS _cspa _bBPMSU |
||
| 050 | 0 | 0 |
_a _b |
| 100 | 2 | _aSotillos, Eugenio | |
| 245 | 1 | 0 |
_aCuentos azules / _cEugenio Sotillos ; ilustraciones María Pascual |
| 250 | _a3a. ed. | ||
| 260 |
_aBarcelona : _bEdiciones Toray _c1993. |
||
| 300 |
_a 1v. _bils. _c23 cm. |
||
| 490 | _aCuentos para chicos y chicas | ||
| 505 | _8v. 9 : El niño de la trompeta -- La princesa cabello verde -- El farol maravilloso -- La cocina encantada -- La casita de papel-- El asno con la piel de león | ||
| 700 |
_a Pascual, María _eilustraciones |
||
| 830 | _aCuentos para chicos y chicas | ||
| 942 |
_2ddc _cBK |
||
| 945 | _aInventariado, 2018/MFF | ||
| 999 |
_c12253 _d12253 |
||